ბათუმის შოთა რუსთაველის სახელმწიფო უნივერსიტეტის ბიბლიოთეკა

Теория энергетической зонной структуры=ENERGY BAND THEORY. (ბიბ.ჩანაწერი № 41296)

000 -LEADER
fixed length control field 00679nam a2200217Ia 4500
001 - CONTROL NUMBER
control field 7953
003 - CONTROL NUMBER IDENTIFIER
control field GE_BSU
008 - FIXED-LENGTH DATA ELEMENTS--GENERAL INFORMATION
fixed length control field 181216s||||||||xx |||||||||||||| ||und||
040 ## - CATALOGING SOURCE
Transcribing agency GE_BSU
080 ## - UNIVERSAL DECIMAL CLASSIFICATION NUMBER
Universal Decimal Classification number 539.2
100 ## - MAIN ENTRY--PERSONAL NAME
Personal name Каллуей,Дж.
245 ## - TITLE STATEMENT
Title Теория энергетической зонной структуры=ENERGY BAND THEORY.
245 ## - TITLE STATEMENT
Statement of responsibility, etc. Ред.В.В.Рабин.
250 ## - EDITION STATEMENT
Edition statement Перевод с английского В.П.Широковского.
260 ## - PUBLICATION, DISTRIBUTION, ETC.
Place of publication, distribution, etc. М.
260 ## - PUBLICATION, DISTRIBUTION, ETC.
Name of publisher, distributor, etc. Мир.
260 ## - PUBLICATION, DISTRIBUTION, ETC.
Date of publication, distribution, etc. 1969.
300 ## - PHYSICAL DESCRIPTION
Extent 358 стр. 21 см.
653 ## - INDEX TERM--UNCONTROLLED
Uncontrolled term Теория энергетической зонной структуры.
942 ## - ADDED ENTRY ELEMENTS (KOHA)
Koha item type წიგნი
ეგზემპლარები
Withdrawn status Lost status Damaged status Not for loan Date acquired Barcode Date last seen Price effective from Koha item type
        2018-12-17 9658 2018-12-17 2018-12-17 წიგნი